000 00444pab a2200181 454500
008 180718b2008 xxu||||| |||| 00| 0 eng d
100 _aPadel, Felix
245 _aOrissa's highland clearances; the reality gap in R & R
260 _c2008
300 _ap.576-608.
362 _aDec
650 _aRefugees - India - Orissa
650 _aRefugees
700 _aDas, Samarendra
773 _aSocial Change
908 _aN
909 _a80991
999 _c80991
_d80991